000 00876nac a22002771i 4500
003 EG-ScBUE
005 20250730100546.0
008 250730t2007 ii a f 001 0 eng d
020 _a8121904137
020 _a9788121904131
040 _aEG-ScBUE
_beng
_erda
_cEG-ScBUE
_dEG-ScBUE
082 0 4 _a539.7
_bGHO
_222
100 1 _aGhoshal, S. N.,
_eauthor.
245 1 0 _aNuclear physics /
_cS. N. Goshal, khaira professor of physics (retired), Calcutta University.
250 _aReprint edition.
264 1 _aNew Delhi :
_bS.Chand & Company LTD.,
_c[2007]
264 4 _cc2007
300 _a1055 pages :
_billustrations ;
_c19 cm
336 _2rdacontent
_atext
_btxt
337 _aunmediated
_2rdamedia
_bn
338 _avolume
_bnc
_2rdacarrier
500 _aIncludes Index.
650 7 _aNuclear physics.
_2BUEsh
655 _vReading book
942 _cBB
_2ddc
999 _c8306
_d8306